| 000 | 00534nam a2200205 a 4500 | ||
|---|---|---|---|
| 999 |
_c37172 _d37172 |
||
| 001 | 37172 | ||
| 003 | Mx-PuUPA | ||
| 005 | 20210527150726.0 | ||
| 008 | 140415s1967 000 0 spa d | ||
| 040 | _cMx-PuUPA | ||
| 041 | _aspa | ||
| 082 |
_a929.346 _bLAF |
||
| 100 | 1 | _aLAFARGA LOZANO, ADOLFO | |
| 245 | 1 | 0 | _aINDICE DE LAS GENERACIONES DE LAS ENCARTACIONES DE VIZCAYA. |
| 260 |
_a[s.l.] : _bARTE, _c1967. |
||
| 300 | _a255. | ||
| 650 | 1 | 4 |
_aGENEALOGIA _xESPAA |
| 700 | 1 |
_aGONZALEZ ECHEGARAY, CARLOS _eprĂ³l. |
|
| 942 |
_2ddc _cLI |
||